Queeristan: (Record no. 183872)

MARC details
000 -LEADER
fixed length control field 00644nam a22001817a 4500
005 - DATE AND TIME OF LATEST TRANSACTION
control field 20220106151721.0
010 ## - LCCN (DPL NO)
LC control number ENG-130984
020 ## - INTERNATIONAL STANDARD BOOK NUMBER
International Standard Book Number 978-93-896-48-140
Terms of availability 699.00
035 ## - SYSTEM CONTROL NUMBER
System control number EN-114516
037 ## - SOURCE OF ACQUISITION
Source of stock number/acquisition DBAD
082 ## - DEWEY DECIMAL CLASSIFICATION NUMBER
Classification number 306.760954
100 ## - MAIN ENTRY--PERSONAL NAME
Personal name Shahani, Parmesh
245 ## - TITLE STATEMENT
Title Queeristan:
Statement of responsibility, etc Parmesh Shahani
Remainder of title LGBTQ Inclusion in the Indian Workplace/
260 ## - PUBLICATION, DISTRIBUTION, ETC. (IMPRINT)
Place of publication, distribution, etc Chennai
Name of publisher, distributor, etc Westland Publications Private LImited
Date of publication, distribution, etc 2020
270 ## - ADDRESS
City Chennai
Postal code 600096
Address 1st Floor, A Block, East Wing, Plot No. 40, SP infocity, Dr. MGR Salai, Perungundi, Kandanchavadi
300 ## - PHYSICAL DESCRIPTION
Extent 328p.
Dimensions 24cm(hbk)
942 ## - ADDED ENTRY ELEMENTS (KOHA)
Source of classification or shelving scheme Dewey Decimal Classification
Item type English Books
Classification part 306.760954
Call number suffix SHA
Holdings
Withdrawn status Lost status Not for loan Collection code Home library Current library Date acquired Source of acquisition Cost, normal purchase price Full call number Barcode Copy number Cost, replacement price Koha item type
      Non-fiction Mobile Library Mobile Library 06/01/2022 DBAD/PUB 699.00 306.760954 SHA EN-114516 1 699.00 English Books

© Delhi Public Library
Hit Counter
free hit counter